| 000 | 00660nam a2200253Ia 4500 | ||
|---|---|---|---|
| 008 | 170203s9999 xx 000 0 und d | ||
| 020 | _a0 753407981 | ||
| 050 | _a0 30 | ||
| 050 | _bB873q 2001 | ||
| 100 | _aBrooks, Philip, 1963- | ||
| 245 | _aHow things work / | ||
| 245 | _cPhilip Brooks. | ||
| 260 | _bGrolier, | ||
| 260 | _c2001 | ||
| 300 | _a40 pages : | ||
| 300 | _bcolor illustrations ; | ||
| 300 | _c28 cm. | ||
| 440 | _aQuestions and answers. | ||
| 440 | _vvol. 5 | ||
| 500 | _aArbitrarily numbered. | ||
| 650 | _aChildren's questions and answers. | ||
| 650 | _aTechnology -- Miscellanea -- | ||
| 650 | _xJuvenile literature. | ||
| 999 |
_c305650 _d305650 |
||